Guess the Harry Potter Movies by Scene #27 - Statistics

General Stats
  • This quiz has been taken 105 times
  • The average score is 18 of 20
Answer Stats
Picture Answer % Correct
Order of the Phoenix
100%
Philosopher's Stone
100%
Chamber of Secrets
95%
Chamber of Secrets
95%
Goblet of Fire
95%
Order of the Phoenix
95%
Philosopher's Stone
95%
Chamber of Secrets
89%
Chamber of Secrets
89%
Goblet of Fire
89%
Goblet of Fire
89%
Half-Blood Prince
89%
Order of the Phoenix
89%
Philosopher's Stone
89%
Philosopher's Stone
89%
Prisoner of Azkaban
89%
Deathly Hallows – Part 1
84%
Deathly Hallows – Part 1
84%
Deathly Hallows – Part 2
84%
Goblet of Fire
84%
No matching quizzes found
Score Distribution
Percent of People with Each Score
Percentile by Number Answered
Your Score History
You have not taken this quiz